Gerard Ter Borch, el holandés viajero / (Record no. 69178)

MARC details
000 -LEADER
campo de control de longitud fija 00907nam a22002775i 4500
001 - NÚMERO DE CONTROL
campo de control 69178
003 - IDENTIFICADOR DE NÚMERO DE CONTROL
campo de control ES-MaACL
005 - FECHA Y HORA DE LA ÚLTIMA TRANSACCIÓN
campo de control 20250806063127.0
007 - CAMPO FIJO DE DESCRIPCIÓN FÍSICA--INFORMACIÓN GENERAL
campo de control de longitud fija t|
008 - DATOS DE LONGITUD FIJA--INFORMACIÓN GENERAL
campo de control de longitud fija 040916s1992 sp ||||0| spa d
020 ## - NÚMERO INTERNACIONAL ESTÁNDAR DEL LIBRO
Número Internacional Estándar del Libro 84-00-07300-2
040 ## - FUENTE DE CATALOGACIÓN
Centro catalogador/agencia de origen M-BN
Lengua de catalogación spa
Centro/agencia transcriptor M-BN
080 ## - NÚMERO DE LA CLASIFICACIÓN DECIMAL UNIVERSAL
Número de la Clasificación Decimal Universal 75 Ter Borch, Gerard
080 ## - NÚMERO DE LA CLASIFICACIÓN DECIMAL UNIVERSAL
Número de la Clasificación Decimal Universal 929 Ter Borch, Gerard
100 1# - ENTRADA PRINCIPAL--NOMBRE DE PERSONA
Nombre de persona Portela Sandoval, Francisco,
Fechas asociadas al nombre 1944-2015​
9 (RLIN) 93213
245 10 - MENCIÓN DEL TÍTULO
Título Gerard Ter Borch, el holandés viajero /
Mención de responsabilidad, etc. Francisco José Portela Sandoval.
260 ## - PUBLICACIÓN, DISTRIBUCIÓN, ETC.
Lugar de publicación, distribución, etc. [Madrid] :
Nombre del editor, distribuidor, etc. Instituto de Estudios Madrileños,
Fecha de publicación, distribución, etc. D.L. 1992.
300 ## - DESCRIPCIÓN FÍSICA
Extensión 35 p., [16] p. de lám. ;
Dimensiones 21 cm.
490 1# - MENCIÓN DE SERIE
Mención de serie Europeos en Madrid
504 ## - NOTA DE BIBLIOGRAFÍA, ETC.
Nota de bibliografía, etc. Bibliografía: p. 35.
600 14 - PUNTO DE ACCESO ADICIONAL DE MATERIA--NOMBRE DE PERSONA
Nombre de persona Ter Borch, Gerard.
9 (RLIN) 109718
710 2# - ENTRADA AGREGADA--NOMBRE DE ENTIDAD CORPORATIVA
Nombre de entidad corporativa o nombre de jurisdicción como elemento de entrada Instituto de Estudios Madrileños
9 (RLIN) 4916
830 0# - PUNTO DE ACCESO ADICIONAL DE SERIE-TÍTULO UNIFORME
Título uniforme Europeos en Madrid
9 (RLIN) 183264
852 ## - LOCALIZACIÓN
Ubicación ES-MaACL
Número de control de estantería 2179-F-19
Sublocalización o colección R.121149
Holdings
Estatus retirado Estado de pérdida Estado de daño No para préstamo Colección Biblioteca de origen Biblioteca actual Ubicación en estantería Fecha de adquisición Fuente de adquisición Total de préstamos Signatura topográfica completa Código de barras Visto por última vez Precio de reemplazo Tipo de ítem Koha
        Colección de folletos Biblioteca del Ateneo de Madrid Biblioteca del Ateneo de Madrid Depósito folletos 17/01/2008     2179-F-19 1072437 23/02/2023 23/02/2023 Folleto